Central Library OPAC University of Rajshahi

The interpersonal world of the infant : (Record no. 66421)

MARC details
000 -LEADER
fixed length control field 01144nam a2200337 a 4500
001 - CONTROL NUMBER
control field 66421
003 - CONTROL NUMBER IDENTIFIER
rucl marc code BD-RjUL
005 - DATE AND TIME OF LATEST TRANSACTION
control field 20211209081536.0
008 - FIXED-LENGTH DATA ELEMENTS--GENERAL INFORMATION
fixed length control field 170316s1985 nyu b 001 0 eng d
020 ## - INTERNATIONAL STANDARD BOOK NUMBER
International Standard Book Number 0465034039
Terms of availability $22.95
035 ## - SYSTEM CONTROL NUMBER
System control number (BD-RjUL)
040 ## - CATALOGING SOURCE
Original cataloging agency DNLM/DLC
Transcribing agency DLC
Modifying agency DLC
-- BD-RjUL
Language of cataloging eng
041 ## - LANGUAGE CODE
Language code of text/sound track or separate title eng
060 ## - NATIONAL LIBRARY OF MEDICINE CALL NUMBER
Classification number WS 350.5 S839i
082 00 - DEWEY DECIMAL CLASSIFICATION NUMBER
Edition number 23
Classification number 155.422
Author mark and year STI 1985
100 1# - MAIN ENTRY--PERSONAL NAME
Personal name Stern, Daniel N.
9 (RLIN) 196552
245 14 - TITLE STATEMENT
Title The interpersonal world of the infant :
Remainder of title a view from psychoanalysis and developmental psychology /
Statement of responsibility, etc. Daniel N. Stern.
260 ## - PUBLICATION, DISTRIBUTION, ETC. (IMPRINT)
Place of publication, distribution, etc. New York :
Name of publisher, distributor, etc. Basic Books,
Date of publication, distribution, etc. c1985.
300 ## - PHYSICAL DESCRIPTION
Pagination x, 304 p. ;
Size 24 cm.
504 ## - BIBLIOGRAPHY, ETC. NOTE
Bibliography, etc Includes Index and Bibliography.
650 #0 - SUBJECT ADDED ENTRY--TOPICAL TERM
Topical term or geographic name as entry element Infant
9 (RLIN) 196553
Topical term or geographic name as entry element Psychoanalysis.
9 (RLIN) 196554
Topical term or geographic name as entry element Developmental psychology.
9 (RLIN) 196555
Topical term or geographic name as entry element Child Development.
9 (RLIN) 196556
Topical term or geographic name as entry element Child Psychology.
9 (RLIN) 196557
Topical term or geographic name as entry element Infant.
9 (RLIN) 196558
Topical term or geographic name as entry element Psychoanalysis
General subdivision in infancy & childhood.
9 (RLIN) 196559
856 42 - ELECTRONIC LOCATION AND ACCESS
Materials specified Publisher description
Uniform Resource Identifier <a href="http://www.loc.gov/catdir/enhancements/fy0830/85047553-d.html">http://www.loc.gov/catdir/enhancements/fy0830/85047553-d.html</a>
942 ## - ADDED ENTRY ELEMENTS (KOHA)
Source of classification or shelving scheme Dewey Decimal Classification
Koha item type Books
Holdings
Lost status Source of classification or shelving scheme Damaged status Not for loan Collection code Permanent Location Current Location Shelving location Date acquired Source of acquisition Total Checkouts Full call number Date last seen Copy number Koha item type
  Dewey Decimal Classification   Not For Loan Non-fiction Central Library, University of Rajshahi Central Library, University of Rajshahi Reading Room 15/09/1998 Unicef   155.422 STI 1985 16/03/2017 C-1 Books